000 01097cam a2200361 a 4500
001 1932181
003 OSt
005 20150401181556.0
008 860224s1987 stka b 001 0 eng c
010 _a 86004239
020 _a0443032041
040 _aDNLM/DLC
_cDLC
_dDLC
043 _af------
050 0 0 _aRD31.5
_b.D39 1987
060 _aWC 680 D251c
082 0 0 _aWO 100 A33d 1987
_219
100 1 _aDavey, W. W.
_93543
240 1 0 _aCompanion to surgery in Africa
245 1 0 _aDavey's companion to surgery in Africa.
250 _a2nd ed. /
_bedited by Adelola Adeloye.
260 _aEdinburgh ;
_aNew York :
_bChurchill Livingstone,
_c1987.
300 _axii, 486 p. :
_bill. ;
_c26 cm.
504 _aIncludes bibliographies and index.
650 0 _aSurgery.
_9323
650 0 _aTropical medicine.
_93544
650 0 _aSurgery
_zAfrica.
_93545
650 1 _aSurgery.
_9323
650 1 _aTropical Medicine.
_93546
700 1 _aAdeloye, Adelola.
_93204
740 0 _aCompanion to surgery in Africa.
906 _a7
_bcbc
_corignew
_d1
_eocip
_f19
_gy-gencatlg
942 _2z
_cSLOAN
999 _c1334
_d1334